| 000 | 00397nam a2200133Ia 4500 | ||
|---|---|---|---|
| 008 | 230917s9999||||xx |||||||||||||| ||und|| | ||
| 040 |
_e89871 _aMAIN |
||
| 041 | _aEnglish | ||
| 082 | _a610 B469E | ||
| 100 | _aBhardwaj, Anupam | ||
| 245 | 0 | _aEffect of protein and phosphate restricted and calcium and alphacalcidol supplemented diet on renal and parathyroid func | |
| 300 | _a97 p. | ||
| 942 | _cTH | ||
| 999 |
_c87061 _d87061 |
||